| 000 | 00664nam a2200205 i 4500 | ||
|---|---|---|---|
| 001 | 12744 | ||
| 003 | ES-MaACL | ||
| 005 | 20230906150403.0 | ||
| 007 | t| | ||
| 008 | 960924s1992 sp ||||0| spa | ||
| 020 | _a84-606-0702-X | ||
| 080 | _a627.82(460.825)(091) | ||
| 100 | 1 |
_aDíaz-Marta Pinilla, Manuel. _944340 |
|
| 245 | 1 | 0 |
_aCuatro obras hidráulicas antiguas entre la mesa de Ocaña y la vega de Aranjuez / _cManuel Díaz-Marta. |
| 260 |
_aToledo : _bCaja de Ahorro, _c[1992] |
||
| 300 |
_a72 p. : _bil. ; _c22 cm. |
||
| 650 | 1 | 4 |
_aPresas- _zToledo (Provincia) _916379 |
| 710 | 2 |
_aCaja de Ahorro Provincial (Toledo) _92279 |
|
| 852 |
_aES-MaACL _jL-20093 |
||
| 999 |
_c12744 _d12744 |
||